LDR 01487nam a2200229 4500 001 000000367446 003 CaOOAMICUS 005 20260424125909.0 008 260424s1894 it 000 u ita r 040 $aSeMil$bita 100 1 $aMercati, Giovanni,$c
.$0(OLS)http://semarc/name/79404 245 10$aCosma Raimondi cremonese, Lettera sulla ven. Giovanna d'Arco. Seguono alcune note critiche sulla vita e sugli scritti di Cosma Raimondi, d'Antonio Panormita e di Ciriaco d'Ancona e sull'Epitafio di Francesca Petrarca :$bcon documenti inediti /$cSac. Giovanni Mercati. 264 1$aRoma :$bTipografia poliglotta della S. C. de Propaganda Fide,$c1894. 300 $a49 p. ;$c30 cm 500 $aEstratto da : Studi e documenti di storia e diritto , an. 15, 1894 600 04$aGiovanna : d'Arco
.$0(OLS)http://semarc/subject/8718 700 1 $aRaimondi, Cosma.$0(OLS)http://semarc/name/124237 850 $aSeMil 852 $aSeMil$W1$xVenegono$y1$m5D XI 29/5$j270912$B258142$CSeMilBibl$Z2$F258142 $8I 996 $6245$aCosma Raimondi cremonese, Lettera sulla ven. Giovanna d'Arco. Seguono alcune note critiche sulla vita e sugli scritti di Cosma Raimondi, d'Antonio Panormita e di Ciriaco d'Ancona e sull'Epitafio di Francesca Petrarca :$bcon documenti inediti$9(OLS)http://semarc/title/459380 996 $6264$aRoma :$bTipografia poliglotta della S. C. de Propaganda Fide$9(OLS)http://semarc/publisher/60671